000
00471nam a2200181Ia 4500
008
090124s9999 xx 000 0 und d
082
_b
121761
100
_a
धुरी विरेंद्र ह.
245
_a
दंश
250
_a
1
260
_c
1986
300
_a
120
600
_a
धुरी विरेंद्र ह.
630
_a
दंश
700
_a
धुरी विरेंद्र ह.
730
_a
दंश
942
_c
BOOK
999
_c
167847
_d
167847